Indian classical music / (Record no. 165306)

MARC details
000 -LEADER
fixed length control field 00646nam a2200193 4500
005 - DATE AND TIME OF LATEST TRANSACTION
control field 20190613144918.0
010 ## - LCCN (DPL NO)
LC control number ENG-125585
020 ## - INTERNATIONAL STANDARD BOOK NUMBER
International Standard Book Number 9789387485068
Terms of availability 995.00
035 ## - SYSTEM CONTROL NUMBER
System control number EN-109117
037 ## - SOURCE OF ACQUISITION
Source of stock number/acquisition DBAD/PUB
082 ## - DEWEY DECIMAL CLASSIFICATION NUMBER
Classification number 781.62
245 ## - TITLE STATEMENT
Title Indian classical music /
Statement of responsibility, etc ed. by Arya Nandini
260 ## - PUBLICATION, DISTRIBUTION, ETC. (IMPRINT)
Place of publication, distribution, etc Ghaziabad, U.P
Name of publisher, distributor, etc Krishna Publishers
Date of publication, distribution, etc 2019
270 ## - ADDRESS
Address RTB 157, Royal Tower Shipra Sun City
City Indrapuram, Ghaziabad, U.P.
Postal code 201014
Electronic mail address krishnapublishers@gmail.com
300 ## - PHYSICAL DESCRIPTION
Extent 252p.
Dimensions 22cm(Hb)
500 ## - GENERAL NOTE
General note Includes bibliographical references and index
700 ## - ADDED ENTRY--PERSONAL NAME
Personal name Nandini, Arya
942 ## - ADDED ENTRY ELEMENTS (KOHA)
Source of classification or shelving scheme Dewey Decimal Classification
Item type English Books
Classification part 781.62
Call number suffix IND
Holdings
Withdrawn status Lost status Not for loan Collection code Home library Current library Date acquired Source of acquisition Cost, normal purchase price Full call number Barcode Copy number Cost, replacement price Koha item type
      Non-fiction Sarojini Nagar Sarojini Nagar 13/06/2019 DBAD/PUB 995.00 781.62 IND EN109117 1 995.00 English Books

© Delhi Public Library
Hit Counter
free hit counter